Municipios y la descentralización en Centroamérica y República Dominicana. La participación ciudadana y la descentralización municipal. Parte 3 /
El ensayo incluye una propuesta sobre el tema específicamente para República Dominicana para familiarizar y generar interés entre los síndicos y funcionarios municipales sobre los procesos de participación ciudadana que se manifiestan actualmente en el marco de las propuestas de reforma al régimen m...
Saved in:
| Corporate Authors: | , |
|---|---|
| Format: | Text |
| Published: |
San José:
DEMUCA
|
| Subjects: | |
| Tags: |
Add Tag
No Tags, Be the first to tag this record!
|
MARC
| LEADER | 00000 a a2200000 04500 | ||
|---|---|---|---|
| 001 | 21888 | ||
| 003 | |||
| 040 | |||
| 090 | |a 146011 | ||
| 110 | |a Fundación para el Desarrollo Local y el Fortalecimiento Municipal e Institucional de Centroamérica y el Caribe | ||
| 245 | |a Municipios y la descentralización en Centroamérica y República Dominicana. La participación ciudadana y la descentralización municipal. Parte 3 / |c Fundación para el Desarrollo Local y el Fortalecimiento Municipal e Institucional de Centroamérica y el Caribe | ||
| 260 | |a San José: |b DEMUCA | ||
| 300 | |a 490 p. | ||
| 520 | |a El ensayo incluye una propuesta sobre el tema específicamente para República Dominicana para familiarizar y generar interés entre los síndicos y funcionarios municipales sobre los procesos de participación ciudadana que se manifiestan actualmente en el marco de las propuestas de reforma al régimen municipal. REV/LCL | ||
| 650 | |a DESARROLLO LOCAL | ||
| 650 | |a GOBIERNO LOCAL | ||
| 650 | |a PARTICIPACION SOCIAL | ||
| 650 | |a DEMOCRATIZACION | ||
| 710 | |a Fundación DEMUCA | ||
| 999 | |c 6642 |d 6642 | ||
